Fall of civilizations : (Record no. 411923)
[ view plain ]
| 000 -LEADER | |
|---|---|
| fixed length control field | 01729nam a2200301 i 4500 |
| 001 - CONTROL NUMBER | |
| control field | in503283327 |
| 003 - CONTROL NUMBER IDENTIFIER | |
| control field | Ingram |
| 005 - DATE AND TIME OF LATEST TRANSACTION | |
| control field | 20250929121254.0 |
| 008 - FIXED-LENGTH DATA ELEMENTS--GENERAL INFORMATION | |
| fixed length control field | 240205s2024 nyua 000 0 eng d |
| 020 ## - INTERNATIONAL STANDARD BOOK NUMBER | |
| International Standard Book Number | 9781335013415 |
| Qualifying information | (hardback) |
| 035 ## - SYSTEM CONTROL NUMBER | |
| System control number | (OCoLC)1445923909 |
| 040 ## - CATALOGING SOURCE | |
| Original cataloging agency | TnLvILS |
| Language of cataloging | eng |
| Description conventions | rda |
| Transcribing agency | TnLvILS |
| Modifying agency | TnLvILS |
| 050 #4 - LIBRARY OF CONGRESS CALL NUMBER | |
| Classification number | CB311 |
| Item number | .C77 2024 |
| 082 04 - DEWEY DECIMAL CLASSIFICATION NUMBER | |
| Classification number | 930 |
| Edition number | 23/eng/20240410 |
| 100 1# - MAIN ENTRY--PERSONAL NAME | |
| Personal name | Cooper, Paul, M. M., |
| Relator term | author. |
| 9 (RLIN) | 6552716 |
| 245 10 - TITLE STATEMENT | |
| Title | Fall of civilizations : |
| Remainder of title | stories of greatness and decline / |
| Statement of responsibility, etc | Paul Cooper. |
| 264 #1 - Production, Publication, Distribution, Manufacture, and Copyright Notice. | |
| Place of production, publication, distribution, manufacture | New York, NY : |
| Name of producer, publisher, distributor, manufacturer | Hanover Square Press, |
| Date of production, publication, distribution, manufacture, or copyr | 2024. |
| 300 ## - PHYSICAL DESCRIPTION | |
| Extent | 576 pages : |
| Other physical details | illustrations ; |
| Dimensions | 24 cm |
| 336 ## - Content Type | |
| Content type term | text |
| 336 ## - Content Type | |
| Content type term | still image |
| 337 ## - Media type | |
| Media type term | unmediated |
| 338 ## - Carrier type | |
| Carrier type term | volume |
| 520 ## - SUMMARY, ETC. | |
| Summary, etc | "Based on the podcast with over one hundred million downloads, Fall of Civilizations ... explores how a range of ancient societies rose to power and sophistication, and how they tipped over into collapse. Across the centuries, we journey from the great empires of Mesopotamia to those of Khmer and Vijayanagara in Asia and Songhai in West Africa; from Byzantium to the Maya, Inca, and Aztecs of Central America; from Roman Britain to Rapa Nui. With ... research, ... insight, and ... empathic storytelling, historian and novelist Paul Cooper evokes the majesty and jeopardy of these ancient civilizations, and asks what it might have felt like for a person alive at the time to witness the end of their world"-- |
| -- | Provided by publisher. |
| 588 ## - | |
| -- | Description based on publisher data. |
| -- | TnLvILS |
| 650 #0 - SUBJECT ADDED ENTRY--TOPICAL TERM | |
| Topical term or geographic name as entry element | Civilization, Ancient. |
| 650 #0 - SUBJECT ADDED ENTRY--TOPICAL TERM | |
| Topical term or geographic name as entry element | Civilization, Ancient |
| General subdivision | History. |
| 9 (RLIN) | 6552717 |
| 650 #0 - SUBJECT ADDED ENTRY--TOPICAL TERM | |
| Topical term or geographic name as entry element | History, Ancient. |
| Withdrawn status | Lost status | Source of classification or shelving scheme | Damaged status | Not for loan | Collection code | Home library | Current library | Shelving location | Date acquired | Source of acquisition | Total Checkouts | Total Renewals | Full call number | Barcode | Date last seen | Date checked out | Cost, replacement price | Price effective from | Koha item type |
|---|---|---|---|---|---|---|---|---|---|---|---|---|---|---|---|---|---|---|---|
| Dewey Decimal Classification | General NonFiction | Wasatch County Library | Wasatch County Library | Second Floor | 10/07/2025 | Ingram | 3 | 3 | 930 Cooper | 34301002169672 | 01/21/2026 | 12/13/2025 | 35.00 | 10/07/2025 | BOOK |
